000 00371nam a2200169Ia 4500
003 IT-RoPAU
008 120407s9999 xx 000 0 und d
040 _aIT-RoPAU
040 _cIT-RoPAU
100 _aInca Garcilaso de la Vega
245 _aCommentari reali degli Incas
250 _aMilano
260 _aRusconi
300 _c cm
490 _v1
942 _cBK
999 _c10333
_d10333